000 00682nam a2200241Ia 4500
003 OSt
005 20220930184922.0
006 a|||||r|||| 00| 0
007 ta
008 220926b |||||||| |||| 00| 0 eng d
024 _a96936
037 _cTextbook
040 _aCRL
_cCRL
_beng
041 _2eng
_aeng
082 _aV595y7M14, L9
100 _aLiebich Andre
245 0 _aBetween ideology and utopia
_b the politics and philosophy of august cieszkowski
260 _aHolland
_bD.Reidel Publishing Company
_c1979
300 _avii,387p
_ccm.
650 _aHISTORY
942 _hV595y7M14, L9
_cTB
_2CC
999 _c889269
_d889269